header

Business English at work / (Record no. 250615)

MARC details
000 -LEADER
fixed length control field 01138cam a2200301 a 4500
001 - CONTROL NUMBER
control field 13030155
003 - CONTROL NUMBER IDENTIFIER
control field OSt
005 - DATE AND TIME OF LATEST TRANSACTION
control field 20151014104837.0
008 - FIXED-LENGTH DATA ELEMENTS--GENERAL INFORMATION
fixed length control field 021213s2003 nyua 001 0 eng
010 ## - LIBRARY OF CONGRESS CONTROL NUMBER
LC control number 2002192513
020 ## - INTERNATIONAL STANDARD BOOK NUMBER
International Standard Book Number 0078290821
040 ## - CATALOGING SOURCE
Original cataloging agency DLC
Transcribing agency DLC
Modifying agency DLC
050 00 - LIBRARY OF CONGRESS CALL NUMBER
Classification number PE1115
Item number .J27 2003
082 00 - DEWEY DECIMAL CLASSIFICATION NUMBER
Classification number 808/.06665
Edition number 21
100 1# - MAIN ENTRY--PERSONAL NAME
Personal name Jaderstrom, Susan.
245 10 - TITLE STATEMENT
Title Business English at work /
Statement of responsibility, etc Susan Jaderstrom, Joanne M. Miller.
250 ## - EDITION STATEMENT
Edition statement 2nd ed.
260 ## - PUBLICATION, DISTRIBUTION, ETC. (IMPRINT)
Place of publication, distribution, etc New York, N.Y. :
Name of publisher, distributor, etc Glencoe/McGraw-Hill,
Date of publication, distribution, etc c2003.
300 ## - PHYSICAL DESCRIPTION
Extent xiv, 657 p. :
Other physical details col. ill. ;
Dimensions 28 cm.
500 ## - GENERAL NOTE
General note Includes index.
650 #0 - SUBJECT ADDED ENTRY--TOPICAL TERM
Topical term or geographic name as entry element English language
General subdivision Business English
-- Problems, exercises, etc.
700 1# - ADDED ENTRY--PERSONAL NAME
Personal name Miller, Joanne.
856 42 - ELECTRONIC LOCATION AND ACCESS
Materials specified Publisher description
Uniform Resource Identifier <a href="http://www.loc.gov/catdir/description/mh031/2002192513.html">http://www.loc.gov/catdir/description/mh031/2002192513.html</a>
Materials specified Table of contents
Uniform Resource Identifier <a href="http://www.loc.gov/catdir/toc/mh031/2002192513.html">http://www.loc.gov/catdir/toc/mh031/2002192513.html</a>
906 ## - LOCAL DATA ELEMENT F, LDF (RLIN)
a 7
b cbc
c orignew
d 1
e ocip
f 20
g y-gencatlg
942 ## - ADDED ENTRY ELEMENTS (KOHA)
Source of classification or shelving scheme Library of Congress Classification
Koha item type Long Loan Books
Holdings
Withdrawn status Lost status Source of classification or shelving scheme Damaged status Not for loan Collection code Home library Current library Shelving location Date acquired Total Checkouts Full call number Barcode Date last seen Date checked out Price effective from Koha item type
    Library of Congress Classification     Non-fiction Rongo University Library Rongo University Library General Stacks 14/10/2015 5 PE1115 .J27 2003 20087462 12/03/2025 24/02/2025 14/10/2015 Long Loan Books

© 2026 Rongo University
Contact us: librarian | system librarian | Rongo university